000 00715nam a2200217 a 4500
001 000015581
005 20240412074244.0
008 100215s2009 dr r 000 0 spa d
020 _a9789945163124
040 _aDO-SdBNP
_bspa
_cBNPHU
082 _aRD863.44
_bM665c
100 1 _aMiniño, Martha
_935161
245 1 0 _aCuentos, sueños y fantasías /
_cMartha Miniño ; prólogo Bruno Rosario Candelier.
260 _aSanto Domingo :
_bBúho,
_c2009.
300 _a343 p. ;
_c24 cm.
590 _aInventariado, 2018/BT
650 0 _aCuentos dominicanos
_9176
650 0 _aLiteratura dominicana.
_967
700 1 _aRosario Candelier, Bruno,
_d1941-
_epról.
_9851
910 _aValidado. Control de calidad. MMOLINA
999 _c15136
_d15136